00560nam a2200193 a 4500001001300000003000900013005001700022008004100039020002500080082001300105100001900118245007200137260003200209300000900241500003500250505002600285650003600311700001900347nice12345678IN_TiNIC20260116013034.0050524s1991 newa grp 000 0 eng  a0068145 c318.500a232bBOR aBorg, Marcus J aJesus, a New Visionb Spirit, Culture, and the Life of Discipleship aNew York bHarperone c1991 a216p aincludes index and biblioraphy2 aBibliography, Indices aJesus Christ-Person and Offices1 aBorg, Marcus J